Ορθογραφικό και ερμηνευτικό λεξικό της δημοτικής μονοτονικό
Αποθηκεύτηκε σε:
| Κύριος συγγραφέας: | |
|---|---|
| Μορφή: | Βιβλίο |
| Γλώσσα: | Greek |
| Δημοσίευση: |
[Αθήνα] :
Εκδόσεις Γιάννη Οικονόμου,
[19--]
|
| Θέματα: | |
| Ετικέτες: |
Προσθήκη ετικέτας
Δεν υπάρχουν, Καταχωρήστε ετικέτα πρώτοι!
|
MARC
| LEADER | 00000cam a2200000 i 4500 | ||
|---|---|---|---|
| 001 | 1/4237 | ||
| 008 | 100205s gre d | ||
| 035 | |l 10106670 | ||
| 040 | |a GR-MY-UA |b gre |e aacr | ||
| 041 | 0 | |a gre | |
| 082 | 0 | |a 489.33 |2 (22) | |
| 100 | 1 | |a Παπαγεωργίου, Γεώργιος. | |
| 245 | 1 | 0 | |a Ορθογραφικό και ερμηνευτικό λεξικό της δημοτικής μονοτονικό / |c Γεώργιος Παπαγεωργίου |
| 260 | |a [Αθήνα] : |b Εκδόσεις Γιάννη Οικονόμου, |c [19--] | ||
| 300 | |a 341 σ.; |c 17 σ. | ||
| 650 | 0 | 0 | |a Greek language, Modern |x Dictionaries. |
| 650 | 0 | 0 | |a Greek language, Modern |x Orthography and spelling |x Dictionaries. |
| 852 | |a INST |b SAMOS |e 20100205 |h 489.33 ΠΑΠ |p 005300030709 |q 005300030709 |t REF |y 23 | ||
| 901 | |a BIBL3-2010-1 | ||
| 909 | |a Σ |b 158692 | ||
| 970 | |a ΣΙΤΖΙΜΗ |b ΓΙΑΣΕΜΗ |z 2010/02/05 | ||